№ 8; Холодильная техника

Bibliographische Detailangaben
Parent link:Холодильная техника: научно-технический и информационный журнал/ "Издательский дом "Холодильная Техника". № 8.— , 1961-
Sprache:Russisch
Veröffentlicht: 2013
Format: MixedMaterials Buch
KOHA link:https://koha.lib.tpu.ru/cgi-bin/koha/opac-detail.pl?biblionumber=518260

MARC

LEADER 00000nam2a2200000 4500
001 518260
005 20231101105837.0
035 |a (RuTPU)RU\TPU\prd\196827 
090 |a 518260 
100 |a 20131011a19129999k y0rusy50 ca 
101 0 |a rus 
102 |a RU 
200 0 |a № 8 
210 |d 2013 
461 1 |0 (RuTPU)RU\TPU\prd\429  |t Холодильная техника  |o научно-технический и информационный журнал  |f "Издательский дом "Холодильная Техника"  |v № 8  |d 1961- 
801 0 |a RU  |b 63413507  |c 20010227  |g PSBO 
801 1 |a RU  |b 63413507  |c 20131011 
801 2 |a RU  |b 63413507  |c 20230627  |g RCR 
942 |c BK 
999 |a НТБ_ТПУ  |b НФ  |e -1/20130109  |p П-5507  |s 3/20130508  |u 0,00  |v 1